00669nam a2200181 a 450000100100000000500170001000800410002702000150006804000250008308200150010810000340012324501120015726000800026930000280034950000310037750000400040870000390044800000539320200929151650.0090819s1987 sp a 001 0 spa d a840006660X aDO-SdBNPbspacBNPHU axxxbL411g1 aLaviana Cuetos, María Luisa10aGuayaquil en el siglo XVIII :brecursos naturales y desarrollo económico /cMaría Luisa Laviana Cuetos. aSevilla, España :bEscuela de Estudios Hispano - Americanos, CSIC,c1987. a446 p. :bil. ;c24 cm. aIncluye tabla de contenido aIncluye referencia bibliográficas1 aNavarro García, Luis,eprólogo